书目信息 |
| 题名: |
古文精段释译
|
|
| 作者: | 康若望 编选 | |
| 分册: | ||
| 出版信息: | 巩县 河南省巩县第二高级中学 1980.2 |
|
| 页数: | 191页 | |
| 开本: | 19cm | |
| 丛书名: | ||
| 单 册: | ||
| 中图分类: | H159 | |
| 科图分类: | ||
| 主题词: | 汉语--翻译 | |
| 电子资源: | ||
| ISBN: | ||
| 000 | 00497nam0 2200181 45 | |
| 001 | 0303180984 | |
| 005 | 20060306100023.03 | |
| 010 | @dCNY0.85 | |
| 100 | @a20030318d1980 km y0chiy0120 ea | |
| 101 | 0 | @achi |
| 200 | 1 | @a古文精段释译@AGu Wen Jing Duan Shi Yi@f康若望编选@FKang Ruo Wang Bian Xuan |
| 210 | @a巩县@c河南省巩县第二高级中学@d1980.2 | |
| 215 | @a191页@d19cm | |
| 606 | 0 | @a汉语@x翻译 |
| 690 | @aH159@v3 | |
| 701 | 0 | @a康若望@4编选 |
| 801 | @aCN@bTSTC@c20060306 | |
| 905 | @f1@b26321@dH159@e4 | |
| 古文精段释译/康若望编选.-巩县:河南省巩县第二高级中学,1980.2 |
| 191页;19cm |
| ISBN :CNY0.85 |
| ● |
| 相关链接 |
|
|
|
|
正题名:古文精段释译
索取号:H159/4
 
预约/预借
| 序号 | 登录号 | 条形码 | 馆藏地/架位号 | 状态 | 备注 |
| 1 | 0026321 | 001769679 | 密集书库/ [索取号:H159/4] | 在馆 | |
| 2 | 0026325 | 202201321 | 密集书库/ [索取号:H159/4] | 在馆 |